000 00856nam a2200229Ia 4500
999 _c36087
_d36087
001 1987
003 GE_BSU
005 20221011101747.0
008 181216s2007ru xx |||||||||||||| ||rus||
020 _a9785974502170
040 _cGE_BSU
041 _arus
080 _a342.4(470)(075.3) Р-34
100 _aРезепов,И.Ш.
_915218
245 _aКраткий курс по конституционному праву России /
_cИ.Ш. Резепов.
264 _aМосква :
_bОкей-книга,
_c2007.
300 _a176 стр.
653 _aКраткий курс по конституционному праву России
653 _aრუსეთის კონსტიტუციური სამართლის მოკლე კურსი
653 _aსამართალი
942 _cBK
_2udc